Agriculture and rural development planning : (Record no. 585976)
[ view plain ]
| 000 -LEADER | |
|---|---|
| fixed length control field | 00812cam a22002054a 4500 |
| 020 ## - INTERNATIONAL STANDARD BOOK NUMBER | |
| International Standard Book Number | 0754636933 |
| 082 00 - DEWEY DECIMAL CLASSIFICATION NUMBER | |
| Classification number | 307.1412091724 |
| 100 1# - MAIN ENTRY--PERSONAL NAME | |
| Personal name | Akroyd, H. David. |
| 245 10 - TITLE STATEMENT | |
| Title | Agriculture and rural development planning : |
| Remainder of title | a process in transition / |
| Statement of responsibility, etc. | H. David Akroyd. |
| 260 ## - PUBLICATION, DISTRIBUTION, ETC. | |
| Place of publication, distribution, etc. | Aldershot, Hampshire ; |
| -- | Burlington, VT : |
| Name of publisher, distributor, etc. | Ashgate, |
| Date of publication, distribution, etc. | c2003. |
| 300 ## - PHYSICAL DESCRIPTION | |
| Extent | xiii, 224 p. ; |
| Dimensions | 23 cm. |
| 504 ## - BIBLIOGRAPHY, ETC. NOTE | |
| Bibliography, etc. note | Includes bibliographical references (p. [218]-219) and index. |
| 650 #0 - SUBJECT ADDED ENTRY--TOPICAL TERM | |
| Topical term or geographic name entry element | Rural development |
| 650 #0 - SUBJECT ADDED ENTRY--TOPICAL TERM | |
| Topical term or geographic name entry element | Agricultural development projects |
| 942 ## - ADDED ENTRY ELEMENTS (KOHA) | |
| Source of classification or shelving scheme | |
| Koha item type | Book |
| 440 #0 - SERIES STATEMENT/ADDED ENTRY--TITLE | |
| -- | 81040 |
| 650 #0 - SUBJECT ADDED ENTRY--TOPICAL TERM | |
| -- | 81041 |
| 650 #0 - SUBJECT ADDED ENTRY--TOPICAL TERM | |
| -- | 81042 |
| Withdrawn status | Lost status | Source of classification or shelving scheme | Damaged status | Not for loan | Permanent Location | Current Location | Date acquired | Total Checkouts | Full call number | Barcode | Date last seen | Price effective from | Koha item type |
|---|---|---|---|---|---|---|---|---|---|---|---|---|---|
| Central Library (CL) | Central Library (CL) | 07/19/2021 | 307.1412091724 AKR | CL-556 | 07/19/2021 | 07/19/2021 | Book |
